The Oxford Handbook of the Sociology of Body and Embodiment (Record no. 66635)

MARC details
000 -LEADER
fixed length control field 02301nam a2200241Ii 4500
008 - FIXED-LENGTH DATA ELEMENTS--GENERAL INFORMATION
fixed length control field 221202s xx 000 0 und d
245 #4 - TITLE STATEMENT
Title The Oxford Handbook of the Sociology of Body and Embodiment
264 #1 - PRODUCTION, PUBLICATION, DISTRIBUTION, MANUFACTURE, AND COPYRIGHT NOTICE
Place of production, publication, distribution, manufacture Oxford
Name of producer, publisher, distributor, manufacturer Oxford University Press
Date of production, publication, distribution, manufacture, or copyright notice 2019
300 ## - PHYSICAL DESCRIPTION
Extent 1 online resource
336 ## - CONTENT TYPE
Content type term text
Content type code txt
Source rdacontent
337 ## - MEDIA TYPE
Media type term computer
Media type code c
Source rdamedia
338 ## - CARRIER TYPE
Carrier type term online resource
Carrier type code cr
Source rdacarrier
520 ## - SUMMARY, ETC.
Summary, etc. The Oxford Handbook of the Sociology of Body and Embodiment challenges the view that bodies belong to the category of “nature” and are biological, essential, and pre-social. It argues instead that bodies both shape and get shaped by human societies. As such, the body is an appropriate and necessary area of study for sociologists. The Handbook works to clarify the scope of this topic and display the innovations of research within the field. The volume is divided into three main parts: Bodies and Methodology; Marginalized Bodies; and Embodied Sociology. Sociologists contributing to the first two parts focus on the body and the ways it is given meaning, regulated, and subjected to legal and medical oversight in a variety of social contexts (particularly when the body in question violates norms for how a culture believes bodies “ought” to behave or appear). Sociologists contributing to the last part use the bodily as a lens through which to study social institutions and experiences. These social settings range from personal decisions about medical treatment to programs for teaching police recruits how to use physical force, from social movement tactics to countries’ understandings of race and national identity. Many chapters throughout the book offer extended methodological reflections, providing guidance on how to conduct sociological research on the body and, at times, acknowledging the role the authors’ own bodies play in developing their knowledge of the research subject.
653 ## - INDEX TERM--UNCONTROLLED
Uncontrolled term Body, Embodiment, Methodology, Sociological Research, Marginalization, Norms, Institutions, Personal
700 1# - ADDED ENTRY--PERSONAL NAME
Personal name 0000-0002-8722-0318
700 1# - ADDED ENTRY--PERSONAL NAME
Personal name 0000-0003-1628-4207
700 1# - ADDED ENTRY--PERSONAL NAME
Personal name 600
700 1# - ADDED ENTRY--PERSONAL NAME
Personal name 600
700 1# - ADDED ENTRY--PERSONAL NAME
Personal name Boero, Natalie
700 1# - ADDED ENTRY--PERSONAL NAME
Personal name Mason, Katherine
856 ## - ELECTRONIC LOCATION AND ACCESS
Uniform Resource Identifier <a href="https://library.oapen.org/handle/20.500.12657/47836">https://library.oapen.org/handle/20.500.12657/47836</a>
942 ## - ADDED ENTRY ELEMENTS (KOHA)
Koha item type E-Book
Holdings
Withdrawn status Damaged status Not for loan Home library Current library Date acquired Total Checkouts Date last seen Price effective from Koha item type
      Directory of Open Access Books Directory of Open Access Books 11/28/2022   11/28/2022 11/28/2022 E-Book

University of Rizal System
Email us at univlibservices@urs.edu.ph

Visit our Website www.urs.edu.ph/library